Quizzes
Events
Quiz Creation
Community
Videos
Private Events
Remove Ads
Sign In
Join for FREE
Feedback
Dark Mode
Quiz Categories
Sports
Geography
Music
Movies
Television
Just For Fun
Miscellaneous
History
Literature
Language
Science
Gaming
Entertainment
Religion
Holiday
For Kids
Quiz Lab
Recent
Popular Today
Quiz Kudos Today
Editor Picks
Curator Picks
Quizzes by...
Day
Popularity
Type
Ratings
Length
Year
Community
Subscriptions
Recent Discussions
Orange Saloon
Badges
Playlists
Quests
Create
Leaderboards
Showdown
Live 5
Trivia Bingo
Activity
Puzzle Library
Sporcle Events
Private Events
Virtual Trivia
Globe League
Become a Host
Pub Owners
SporcleCon
Opinionation
Our Games
Videos
Blog
Mobile Apps
Partnerships
Remove Ads and Go Orange
Feedback
Gaming
Video Games
Board Games
Card Games
Pokémon
Mario
Nintendo
Minecraft
Console
Toys
Legend of Zelda
Gaming
Video Games
Board Games
Card Games
Pokémon
Mario
Nintendo
Minecraft
Console
Toys
Legend of Zelda
Random Quiz
Search Sporcle
×
Quiz Lab
Quiz Lab
Gaming
Lord of the Rings
Type answers that appear on an image
Type answers that appear on an image
Map
Best Score? Go Orange.
LEGO The Hobbit Characters (Map) Stats
In a hole in the ground there lived a hobbit.
By
adiffor7
9m
98 Questions
1,467 Plays
1,467 Plays
1,467 Plays
Comments
Comments
Give Quiz Kudos
Give Quiz Kudos
-
- Ratings
hide this ad
More Info
Replay
Link that replays current quiz
Next Quiz
Link to next quiz in quiz playlist
You Got
0%
They Got
Avg Score
65%
Avg Friend Score
Upgrade to see
Score Distribution
Jump to the score distribution portion of the page
Score
0/98
Timer
09:00
0
Plays Today
% Correct
Gandalf
95.2%
Bilbo
(Hobbiton)
94.6%
Bilbo
94.6%
Bilbo
(Lake-
town)
94.6%
Bilbo
(Old)
94.6%
Frodo
90.6%
Legolas
Greenleaf
87.5%
Thorin
(Young)
86.8%
Thorin
86.8%
Thorin
(Lake-
town)
86.8%
Azog
(Claw)
86.1%
Sam
82.7%
Saruman
82.1%
Gloin
81.8%
Gloin
(Lake-
town)
81.8%
Kili
81.6%
Kili
(Lake-
town)
81.6%
Fili
81.5%
Fili
(Lake-
town)
81.5%
Balin
(Young)
79.5%
Balin
79.5%
Balin
(Lake-
town)
79.5%
Orc
Berserker
79.1%
Bombur
78.6%
Bombur
(Barrel)
78.6%
Bombur
(Lake-
town)
78.6%
Bombur
(Young)
78.6%
Gundabad
Orc
78.6%
Gollum
77.9%
Sauron
77.9%
Bofur
77.8%
Bofur
(Lake-
town)
77.8%
Oin
77.7%
% Correct
Oin
(Lake-
town)
77.7%
Dwalin
77.3%
Dwalin
(Young)
77.3%
Dwalin
(Lake-
town)
77.3%
Necromancer
77.3%
The
Great
Goblin
76.7%
Bifur
76.6%
Bifur
(Lake-
town)
76.6%
Tom
(Troll)
76.6%
Elrond
(Gown)
75.6%
Elrond
(Armoured)
75.6%
Golin
Brute
74.8%
Ori
74.7%
Goblin
(Confused)
74.7%
Ori
(Lake-
town)
74.7%
Goblin
(Scribe)
74.7%
Nori
74.1%
Nori
(Lake-
town)
74.1%
Dori
73.5%
Dori
(Young)
73.5%
Dori
(Lake-
town)
73.5%
Radagast
73.2%
Bert
(Troll)
73.2%
William
(Troll)
72.3%
Bard
71.5%
Mirkwood
Elf
(Guard)
70.2%
Mirkwood
Elf
(Chief
Guard)
70.2%
Galadriel
69.6%
Mirkwood
Elf
(Archer)
68.8%
Elf
(Sentry)
68%
Elf
(Worker)
67.9%
Mrs
Troll
65.7%
Troll
Bouncer
65.5%
% Correct
Tauriel
64.8%
Tauriel
(Lake-
town)
64.8%
Thrain
64%
Armoured
Dwarf
Guard
61.3%
Master
Of
Lake-
town
61%
Thror
60.9%
Thror
(Armoured)
60.9%
Tom
Bombadil
60%
Lake-
town
Man
(Guard)
59.7%
Thranduil
58.1%
Lake-
town
Man
(Archer)
56.6%
Beorn
54.7%
Witch-
king
52.8%
Bolg
49.4%
Alfrid
42.8%
Jimli
The
Blacksmith
34.2%
Rosie
Cotton
34.1%
Bain
34%
Dale
Soldier
27.2%
Sigrid
25.6%
Tilda
23.2%
Lindir
22.6%
Yazneg
21.1%
Percy
19.5%
Barrow-
wight
18%
Elros
16%
Barliman
Butterbur
15.9%
Bree
Peasant
14.5%
Narzug
14.2%
Fimbul
13.4%
Braga
13.2%
Grinnah
13%
Quiz Playlist
Details
Report
Send in Message
Add To Playlist
More Info:
DLC is included.
Quote is from J.R.R. Tolkien
Map:
Type answers that appear on an image
Last Updated: Sep 5, 2017
Quiz Scoreboard
CHALLENGE
Sign Up to Join the Scoreboard
Show All
Scores
Hide
Comments
May contain spoilers
Recently Published
Movies - When Are They Set?
by FPL_Elf
Movies
5m
Popular People in 1961
by mucciniale
History
6m
1-10 Letter E Words III
by El_Dandy
Language
2m
More to Explore
Quiz From the Vault
Featured Blog Post
Where Did the Easter Bunny Come From?
hide this ad
You Might Also Like...
Tags
Book Quiz
Lord of the Rings Quiz
Toys Quiz
Video Games Quiz
Character
JRR Tolkien
lego
LOTR
map
The Hobbit
Today's Top Quizzes in Gaming
Browse Gaming
hide this ad
Today's Top Quizzes in Lord of the Rings
Browse Lord of the Rings
Top Contributed Quizzes in Gaming
1
Destiny 2 exotic weapons by perk icons
2
Who's on the WWE 2K24 Cover?
3
Windmill: Pokémon
4
Overwatch 2 Heroes by Selection Quote
5
Genshin murder mystery
6
Overwatch 2: Ultimate Ability Icons
7
Franchise by Action Figure
8
Legendary or Exotic?
9
Genshin Impact Logic Puzzle
10
Genshin Impact Logic Puzzle Quiz
Explore More
Trending Topics
Kpop
Harry Potter
Crossword
NBA
Marvel
Anime
Disney
WWE
Pokémon
Soccer
Puzzle
The Office
Song
NFL
Country
hide this ad
More By:
adiffor7
Quiz
Plays
Rating
Category
Featured
Created
'The Hobbit' Start to Finish
15,274
4.42
Literature
Jun 20, 2017
LEGO Star Wars: The Complete Saga Characters (Map)
12,531
4.61
Gaming
Mar 19, 2017
STAR WARS: Aurebesh Language
11,090
4.88
Just For Fun
Jun 5, 2017
'Minecraft' (First Day) Start to Finish
5,767
3.17
Gaming
Jul 20, 2017
LEGO Harry Potter Years 1-4 Characters (Map)
4,984
4.66
Gaming
Jul 8, 2017
Go to Creator's Profile
Score Distribution
Quiz Creator Spotlight
adiffor7
Follow
Send a Message
Quizzes Created
-
Created Quiz Play Count
-
More By This Creator
Popular Quizzes Today
1
Find the US States - No Outlines Minefield
2
Find the Countries of Europe - No Outlines Minefield
3
The Countries of the World
4
Popular People in 1961
5
1-10 Letter E Words III
6
US States
7
Find the US States
8
One Thing in Common: World Cities II
More Gaming Quizzes
Acrostic: Pokémon Gym Leaders
Quiz Lab
Trending Quizzes
Risky Map Clicking: Least Populous States A-Z
1-10 Letter F Words
1-10 Letter G Words
One Thing in Common: United Kingdom
Risky Map Clicking: Next State Alphabetically
Recently Updated
Leaping Animals
pecheneg
Reality TV Shows (A-Z)
bhenderson79
Rickey Henderson's Hall of Fame Teammates
pecheneg
Champions League XIs: Arsenal
pecheneg
Quick Pick: Celebrities in WWE's Hall of Fame
aduchscher
A-Z Keypad Blitz II
pecheneg
Multiple Oscar Actors
pecheneg
Mystery Phrase Blitz: Oscar 'Best Actors'
pecheneg
F. Scott Fitzgerald Novels
LTH
Pick 3 Villains
ddd62291
Trending Topics
NBA
Kpop
Harry Potter
Anime
Crossword
Marvel
Disney
Pokémon
WWE
NFL
Soccer
Song
The Office
Puzzle
Country
Your Account Isn't Verified!
In order to create a playlist on Sporcle, you need to verify the email address you used during registration. Go to your
Sporcle Settings
to finish the process.
Report this User
Report this user for behavior that violates our
Community Guidelines
.
Details:
Send Report
Go to the Sporcle.com Mobile Site →
Comments